| 000 | 00709nam a2200241Ia 4500 | ||
|---|---|---|---|
| 999 |
_c49636 _d49636 |
||
| 001 | 16568 | ||
| 003 | GE_BSU | ||
| 005 | 20250204115312.0 | ||
| 008 | 181216s||||||||xx |||||||||||||| ||und|| | ||
| 040 | _cGE_BSU | ||
| 041 | _arus | ||
| 080 | _a821.161.1-31 Д-70 | ||
| 100 |
_aДостоевский, Ф.М. _924157 |
||
| 245 |
_aПодросток : _bРоман / _cФ. М. Достоевский ; Вступит. статья Л. М. Розенбюм ; Ред. Н. Н. Ермолаева. |
||
| 260 | _aМосква | ||
| 260 | _bПравда | ||
| 260 | _c1984 | ||
| 300 |
_a608 стр. ; _c21см. |
||
| 541 | _h5л. | ||
| 653 | _aПодросток | ||
| 653 | _aРоман | ||
| 942 |
_cBK _2udc |
||